00222nam a22001097a 4500003000400000020001800004082001900022100001800041245001800059260002700077300000800104SGT a9788175342279 a340.02341bARO aARORA, MANISH aCAREER IN LAW aDELHIbUNIVERSALc2001 a127